banner koha

Condicoes essenciais para se ter exito na criacao do bicho da seda [Bombyx mori] (Registro n. 332476)

MARC details
000 -LÍDER
campo de controle de tamanho fixo 00898naa a22002657a 4500
001 - NÚMERO DE CONTROLE
campo de controle BR4100019
003 - IDENTIFICADOR DO NÚMERO DE CONTROLE
campo de controle BR-BrBNA
005 - DATA E HORÁRIO DA ÚLTIMA TRANSAÇÃO
campo de controle 20250709164555.0
007 - CAMPO FIXO DE DESCRIÇÃO FÍSICA--INFORMAÇÃO GERAL
campo de controle de tamanho fixo ta
008 - CAMPO DE DADOS FIXOS--INFORMAÇÃO GERAL
campo de controle de tamanho fixo 250630b bl.|||m| |||| 00| 0 por d
040 ## - FONTE DA CATALOGAÇÃO
Instituição da catalogação original BR-BrBNA
Idioma da catalogação por
Instituição que transcreveu o registro Biblioteca Nacional de Agricultura
041 ## - CÓDIGO DE IDIOMA
Código do idioma do texto/trilha sonora ou título diferente (Pt)
072 ## - CÓDIGO DE CATEGORIA DE ASSUNTO
Código de Categoria de Assunto L00
Código do objeto 7600
090 ## - NÚMERO DE CHAMADA LOCAL
Número de chamada L00 BR4100019
100 1# - ENTRADA PRINCIPAL--NOME PESSOAL
Nome pessoal Vilhena, M.
245 1# - TÍTULO
Título Condicoes essenciais para se ter exito na criacao do bicho da seda [Bombyx mori]
490 ## - TÍTULO DA SÉRIE
Título da série SIA (Brazil)
Número do volume ou designação sequencial da série no. 1
500 ## - NOTA GERAL
Nota geral Marcha para o oeste. Conferencias culturais<br/>Rio de Janeiro, GB (Brasil): 1941. p. 35-41<br/>(BR4100019-AMS)<br/>
650 ## - ASSUNTO--TERMO TÓPICO
Cabeçalho tópico ou nome geográfico Producao animal
650 ## - ASSUNTO--TERMO TÓPICO
Cabeçalho tópico ou nome geográfico Bicho da seda
650 ## - ASSUNTO--TERMO TÓPICO
Cabeçalho tópico ou nome geográfico Criacao
773 0# - ENTRADA ANALÍTICA
Título Marcha para o oeste. Conferencias culturais
Número de controle do registro L00 BR4100019
Partes relacionadas Rio de Janeiro, GB (Brasil), 1941. p. 35-41
942 ## - ELEMENTOS DE ENTRADA ADICIONADOS (KOHA)
Tipo de material Koha Analítica de Monografia Seriada
Fonte da classificação ou esquema de arquivamento na estante Classificação AGRIS
909 ## -
-- 202506
-- Lúcia
-- 55
-- Lúcia Elande
Exemplares
Situação do descarte Fonte da classificação ou esquema de arquivamento na estante Situação física Não pode ser emprestado Coleção Biblioteca de origem Biblioteca atual Total de empréstimos Número de telefone completo Data de último acesso Número do exemplar Tipo de material Koha Situação das perdas Data de aquisição Fonte de aquisição
  Classificação AGRIS       Biblioteca Nacional de Agricultura - Binagri Biblioteca Nacional de Agricultura - Binagri   E30 BR4000018 30/06/2025 01 Analítica de Monografia Seriada   2025-06-30 Portaria Interministerial nº 164/94

BINAGRI

Telefone: (61)3218-2567/2388/3357/2097 - binagri@agro.gov.br

Ministério da Agricultura e Pecuária , Esplanada dos Ministérios, Bloco D, Anexo B, Brasília/DF, CEP: 70.043-900